[Event "SVK-chT3A2 0607"]
[Site "Slovakia"]
[Date "2007.03.11"]
[Round "10"]
[White "Gono, Michal"]
[Black "Lancz, Frantisek"]
[Result "1/2-1/2"]
[WhiteElo "1593"]
[BlackElo "1350"]
[PlyCount "129"]
[EventDate "2006.10.08"]
[EventType "team-tourn"]
[EventRounds "11"]
[EventCountry "SVK"]
[SourceTitle "EXT 2008"]
[Source "ChessBase"]
[SourceDate "2007.11.25"]
[SourceVersion "1"]
[SourceVersionDate "2007.11.25"]
[SourceQuality "1"]
[WhiteTeam "Piestany Kupele II"]
[BlackTeam "Galanta"]
[WhiteTeamCountry "SVK"]
[BlackTeamCountry "SVK"]

1. c4 Nf6 2. Nc3 e6 3. d4 d5 4. Bg5 Be7 5. e3 Nbd7 6. Nf3 a6 7. a3 dxc4 8. Bxc4 b5 9. Ba2 Bb7 10. Rc1 h6 11. Bh4 0-0 12. 0-0 Rc8 13. b4 Ne4 14. Bxe7 Qxe7 15. d5 Ng5 16. Nd4 exd5 17. Bxd5 c6 18. Bf3 Ne5 19. Be2 Ng6 20. Nb3 Ne6 21. Ne4 Rfd8 22. Qe1 Rc7 23. Nec5 Nxc5 24. Nxc5 Bc8 25. Rd1 Nf8 26. Rxd8 Qxd8 27. Qd1 Qe7 28. Bg4 Bxg4 29. Qxg4 a5 30. Rd1 axb4 31. axb4 Ne6 32. Nxe6 fxe6 33. Qd4 c5 34. bxc5 Rxc5 35. Qd8+ Qxd8 36. Rxd8+ Kf7 37. Kf1 Rd5 38. Rb8 Kf6 39. Ke2 h5 40. f3 e5 41. Rc8 Ke6 42. e4 Rd4 43. Re8+ Kf6 44. Rb8 b4 45. Ke3 g6 46. f4 Rc4 47. Rb6+ Kf7 48. fxe5 Rc2 49. Rf6+ Kg7 50. Rf1 b3 51. Kd3 Rc6 52. Rf2 Rb6 53. Rb2 Kf7 54. Ke3 Ke6 55. Kf4 Rb5 56. h3 Rb6 57. g4 hxg4 58. hxg4 Rb5 59. Kg5 Kxe5 60. Kxg6 Kxe4 61. g5 Kd3 62. Kh6 Kc3 63. Rxb3+ Kxb3 64. g6 Kc4 65. g7 1/2-1/2

[Event "SVK-chT3A2 0607"]
[Site "Slovakia"]
[Date "2006.12.03"]
[Round "5"]
[White "Kosar, Mikulas1"]
[Black "Lancz, Frantisek"]
[Result "0-1"]
[WhiteElo "1981"]
[BlackElo "1350"]
[PlyCount "48"]
[EventDate "2006.10.08"]
[EventType "team-tourn"]
[EventRounds "11"]
[EventCountry "SVK"]
[SourceTitle "EXT 2008"]
[Source "ChessBase"]
[SourceDate "2007.11.25"]
[SourceVersion "1"]
[SourceVersionDate "2007.11.25"]
[SourceQuality "1"]
[WhiteTeam "Gabcikovo"]
[BlackTeam "Galanta"]
[WhiteTeamCountry "SVK"]
[BlackTeamCountry "SVK"]

1. e4 e5 2. Nf3 Nc6 3. Bb5 d6 4. Nc3 Nf6 5. d3 a6 6. Bxc6+ bxc6 7. h3 h6 8. 0-0 Be7 9. Rb1 0-0 10. Re1 c5 11. b3 Be6 12. a4 c6 13. Ne2 Nh7 14. c4 f5 15. Nc3 f4 16. Bd2 Qd7 17. Nh2 Ng5 18. h4 Nh7 19. g3 Rf7 20. Rf1 f3 21. Kh1 Bh3 22. Re1 Bg2+ 23. Kg1 Qh3 24. Qc1 Bh1 0-1

[Event "SVK-chT3A2 0607"]
[Site "Slovakia"]
[Date "2006.11.19"]
[Round "4"]
[White "Lancz, Frantisek"]
[Black "Bjel, Jan"]
[Result "1/2-1/2"]
[WhiteElo "1350"]
[BlackElo "1350"]
[PlyCount "68"]
[EventDate "2006.10.08"]
[EventType "team-tourn"]
[EventRounds "11"]
[EventCountry "SVK"]
[SourceTitle "EXT 2008"]
[Source "ChessBase"]
[SourceDate "2007.11.25"]
[SourceVersion "1"]
[SourceVersionDate "2007.11.25"]
[SourceQuality "1"]
[WhiteTeam "Galanta"]
[BlackTeam "Vrbove"]
[WhiteTeamCountry "SVK"]
[BlackTeamCountry "SVK"]

1. e4 e5 2. Nf3 Nc6 3. Bb5 a6 4. Ba4 Nf6 5. 0-0 b5 6. Bb3 Be7 7. Re1 Bb7 8. c3 0-0 9. d4 d6 10. Bc2 exd4 11. Nxd4 Nxd4 12. cxd4 Qd7 13. Nc3 Rfe8 14. f3 h6 15. Qd3 Nh7 16. e5 Nf8 17. Bf4 dxe5 18. Bxe5 Bd6 19. Bxd6 Qxd6 20. Ne4 Bxe4 21. fxe4 Rad8 22. Rad1 Ne6 23. d5 Nc5 24. Qf3 c6 25. Rf1 Rd7 26. b4 Nb7 27. a3 Ree7 28. dxc6 Qxc6 29. Rxd7 Qxd7 30. Rd1 Qc6 31. Qd3 Rc7 32. Bb3 Qb6+ 33. Kh1 Qf2 34. Rf1 Qh4 1/2-1/2